[Event "XXVIII Torneo Magistral Internacional de Elgoibar"]
[Site "Elgoibar"]
[Date "2018.12.12"]
[Round "1.1"]
[White "Napoli, Nicolo"]
[Black "Huerga Leache, Mikel"]
[Result "1/2-1/2"]
[WhiteTitle "FM"]
[BlackTitle "IM"]
[WhiteFideId "813702"]
[BlackFideId "2268795"]
[WhiteElo "2289"]
[BlackElo "2448"]

1. d4 {[%emt 18:14:31]} Nf6 {[%emt 00:00:09]} 2. c4 {[%emt 00:00:05]} b6 {[%emt
00:00:12]} 3. Nc3 {[%emt 00:00:31]} Bb7 {[%emt 00:00:06]} 4. f3 {[%emt
00:01:15]} d5 {[%emt 00:00:20]} 5. cxd5 {[%emt 00:00:42]} Nxd5 {[%emt
00:00:07]} 6. e4 {[%emt 00:04:24]} Nxc3 {[%emt 00:00:15]} 7. bxc3 {[%emt
00:00:04]} e6 {[%emt 00:02:42]} 8. Be3 {[%emt 00:02:32]} Be7 {[%emt 00:00:24]}
9. Nh3 {[%emt 00:01:15]} O-O 10. Be2 {[%emt 00:00:59]} c5 {[%emt 00:03:07]} 11.
O-O {[%emt 00:00:27]} Qc7 {[%emt 00:00:44]} 12. Qe1 {[%emt 00:04:47]} Rd8
{[%emt 00:01:22]} 13. Qf2 {[%emt 00:01:09]} Nd7 {[%emt 00:04:31]} 14. Rad1
{[%emt 00:13:11]} a6 {[%emt 00:02:50]} 15. Bf4 {[%emt 00:08:58]} Bd6 {[%emt
00:04:32]} 16. e5 {[%emt 00:07:49]} Be7 {[%emt 00:02:11]} 17. Ng5 {[%emt
00:04:28]} Nf8 {[%emt 00:05:23]} 18. Ne4 {[%emt 00:04:55]} Bd5 {[%emt
00:02:18]} 19. Bd3 {[%emt 00:03:13]} b5 {[%emt 00:14:58]} 20. Kh1 {[%emt
00:08:08]} Qa5 {[%emt 00:10:30]} 21. Bb1 {[%emt 00:03:03]} Rac8 {[%emt
00:02:50]} 22. Nxc5 {[%emt 00:03:56]} Bxc5 {[%emt 00:03:57]} 23. dxc5 {[%emt
00:01:05]} Qxc3 {[%emt 00:03:32]} 24. Rc1 {[%emt 00:00:17]} Qa3 {[%emt
00:01:52]} 25. Rfd1 {[%emt 00:01:19]} Ng6 {[%emt 00:03:52]} 26. Bg5 {[%emt
00:03:38]} Re8 {[%emt 00:02:23]} 27. Bxg6 {[%emt 00:04:18]} fxg6 {[%emt
00:01:10]} 28. Rc2 {[%emt 00:00:06]} Rf8 {[%emt 00:06:17]} 29. Be7 {[%emt
00:01:12]} Rxf3 {[%emt 00:01:54]} 30. Qe2 {[%emt 00:01:19]} Re3 {[%emt
00:03:55]} 31. Qd2 {[%emt 00:04:15]} Rxe5 {[%emt 00:01:31]} 32. Rc3 {[%emt
00:01:21]} Qxa2 {[%emt 00:01:32]} 33. Qxa2 {[%emt 00:00:51]} Bxa2 {[%emt
00:00:01]} 34. Ra3 {[%emt 00:00:42]} Bd5 {[%emt 00:00:57]} 35. Rxa6 {[%emt
00:00:06]} Re2 {[%emt 00:00:18]} 36. Rg1 {[%emt 00:00:20]} b4 {[%emt 00:00:41]}
37. Rb6 {[%emt 00:00:07]} Ra8 {[%emt 00:04:40]} 38. h4 {[%emt 00:00:04]} b3
{[%emt 00:01:32]} 39. Bd6 {[%emt 00:01:09]} Rc8 {[%emt 00:01:13]} 40. Kh2
{[%emt 00:00:28]} h6 {[%emt 00:00:23]} 41. Kh3 {[%emt 00:00:23]} Be4 {[%emt
00:00:34]} 42. Rxb3 {[%emt 00:00:34]} Ra8 {[%emt 00:00:29]} 43. Rb8+ {[%emt
00:02:24]} Rxb8 {[%emt 00:00:03]} 44. Bxb8 {[%emt 00:00:05]} Kf7 {[%emt
00:01:25]} 45. g4 {[%emt 00:00:37]} h5 {[%emt 00:00:18]} 46. Kg3 {[%emt
00:03:10]} hxg4 47. Kxg4 e5 {[%emt 00:00:16]} 48. Ra1 {[%emt 00:01:48]} Rg2+
{[%emt 00:01:00]} 49. Kh3 {[%emt 00:00:09]} g5 {[%emt 00:00:11]} 50. hxg5
{[%emt 00:00:42]} Rxg5 {[%emt 00:00:14]} 51. Re1 {[%emt 00:02:08]} Bf5+ {[%emt
00:00:24]} 52. Kh2 {[%emt 00:00:04]} e4 {[%emt 00:00:33]} 53. Rg1 {[%emt
00:00:18]} Rh5+ {[%emt 00:00:39]} 54. Kg2 {[%emt 00:00:39]} e3 {[%emt
00:01:59]} 55. Kf3 {[%emt 00:00:59]} Bd7 {[%emt 00:00:34]} 56. Bd6 {[%emt
00:00:26]} Rh3+ {[%emt 00:01:28]} 57. Rg3 {[%emt 00:00:05]} e2 {[%emt
00:00:24]} 58. Kxe2 {[%emt 00:00:06]} 1/2-1/2

[Event "XXVIII Torneo Magistral Internacional de Elgoibar"]
[Site "Elgoibar"]
[Date "2018.12.12"]
[Round "1.2"]
[White "Starostits, Ilmars"]
[Black "Velten, Paul"]
[Result "0-1"]
[WhiteTitle "GM"]
[BlackTitle "GM"]
[WhiteFideId "11600748"]
[BlackFideId "681091"]
[WhiteElo "2458"]
[BlackElo "2485"]

1. e4 {[%emt 19:54:23]} e6 {[%emt 00:01:19]} 2. d4 {[%emt 00:00:06]} d5 {[%emt
00:00:26]} 3. Nc3 {[%emt 00:00:04]} Nc6 {[%emt 00:01:04]} 4. Nf3 {[%emt
00:01:59]} Nf6 {[%emt 00:01:15]} 5. e5 {[%emt 00:00:35]} Ne4 {[%emt 00:01:18]}
6. Bd3 {[%emt 00:00:17]} Bb4 {[%emt 00:00:37]} 7. Bd2 {[%emt 00:01:45]} Nxd2
{[%emt 00:00:32]} 8. Qxd2 {[%emt 00:05:34]} Bd7 {[%emt 00:00:42]} 9. O-O {[%emt
00:00:26]} a6 {[%emt 00:02:12]} 10. a3 {[%emt 00:01:55]} Be7 {[%emt 00:00:20]}
11. Nd1 {[%emt 00:01:29]} Na7 {[%emt 00:08:03]} 12. Ne3 {[%emt 00:05:36]} Bb5
{[%emt 00:03:18]} 13. Ne1 {[%emt 00:00:56]} c5 {[%emt 00:00:37]} 14. dxc5
{[%emt 00:05:23]} Bxc5 {[%emt 00:01:47]} 15. Bxb5+ {[%emt 00:00:04]} Nxb5
{[%emt 00:06:33]} 16. Nd3 {[%emt 00:00:06]} Ba7 {[%emt 00:03:47]} 17. f4 {[%emt
00:02:08]} O-O {[%emt 00:05:23]} 18. Rae1 {[%emt 00:00:46]} Rc8 {[%emt
00:04:54]} 19. Kh1 {[%emt 00:00:07]} Bxe3 {[%emt 00:02:08]} 20. Rxe3 {[%emt
00:06:49]} Nd4 {[%emt 00:01:17]} 21. Ne1 {[%emt 00:02:50]} Nf5 {[%emt
00:13:01]} 22. Rb3 {[%emt 00:04:58]} Qh4 {[%emt 00:04:41]} 23. g3 {[%emt
00:04:55]} Qg4 {[%emt 00:07:17]} 24. Rxb7 {[%emt 00:02:55]} d4 {[%emt
00:03:49]} 25. Rd7 {[%emt 00:06:04]} h5 {[%emt 00:01:32]} 26. Qd3 {[%emt
00:05:51]} Rb8 {[%emt 00:01:06]} 27. b3 {[%emt 00:04:12]} Rbc8 {[%emt
00:00:14]} 28. Rf3 {[%emt 00:06:44]} Rc3 {[%emt 00:06:32]} 29. Qe4 {[%emt
00:00:25]} Rfc8 {[%emt 00:03:16]} 30. Rxc3 {[%emt 00:00:27]} Rxc3 {[%emt
00:00:36]} 31. Kg2 {[%emt 00:06:30]} Re3 {[%emt 00:01:20]} 32. Qa8+ {[%emt
00:00:40]} Kh7 {[%emt 00:00:07]} 33. Nf3 {[%emt 00:00:17]} Rxf3 {[%emt
00:00:42]} 0-1

[Event "XXVIII Torneo Magistral Internacional de Elgoibar"]
[Site "Elgoibar"]
[Date "2018.12.12"]
[Round "1.4"]
[White "Strikovic, Aleksa"]
[Black "Moreno Ruiz, Javier"]
[Result "1-0"]
[WhiteTitle "GM"]
[BlackTitle "IM"]
[WhiteFideId "900150"]
[BlackFideId "2203146"]
[WhiteElo "2488"]
[BlackElo "2450"]

1. c4 {[%emt 19:54:24]} e6 {[%emt 00:00:52]} 2. Nf3 {[%emt 00:00:12]} Nf6
{[%emt 00:00:41]} 3. g3 {[%emt 00:00:10]} d5 {[%emt 00:00:10]} 4. b3 {[%emt
00:00:13]} c5 {[%emt 00:02:31]} 5. Bg2 {[%emt 00:00:10]} d4 {[%emt 00:04:53]} 6.
O-O {[%emt 00:00:10]} Nc6 {[%emt 00:00:06]} 7. e3 {[%emt 00:00:05]} e5 {[%emt
00:03:54]} 8. d3 {[%emt 00:11:20]} Be7 {[%emt 00:01:56]} 9. exd4 {[%emt
00:00:11]} exd4 {[%emt 00:00:16]} 10. Bf4 {[%emt 00:05:37]} O-O {[%emt
00:00:28]} 11. Ne5 {[%emt 00:00:06]} Nxe5 {[%emt 00:01:47]} 12. Bxe5 {[%emt
00:06:02]} Bg4 {[%emt 00:00:33]} 13. f3 {[%emt 00:12:57]} Bf5 {[%emt 00:10:14]}
14. g4 {[%emt 00:04:39]} Bd7 {[%emt 00:05:27]} 15. Bxf6 {[%emt 00:01:33]} Bxf6
{[%emt 00:03:25]} 16. f4 {[%emt 00:00:10]} Qc7 {[%emt 00:00:11]} 17. Nd2 {[%emt
00:01:06]} Be7 {[%emt 00:00:13]} 18. Bd5 {[%emt 00:03:14]} Bc6 {[%emt
00:10:02]} 19. Bxc6 {[%emt 00:03:12]} Qxc6 {[%emt 00:00:19]} 20. Ne4 {[%emt
00:03:18]} f5 {[%emt 00:01:07]} 21. gxf5 {[%emt 00:00:45]} Rxf5 {[%emt
00:00:17]} 22. Ng3 {[%emt 00:03:52]} Rf7 {[%emt 00:04:45]} 23. Qg4 {[%emt
00:04:07]} Raf8 {[%emt 00:15:12]} 24. f5 {[%emt 00:05:28]} Qh6 {[%emt
00:07:26]} 25. Ne4 {[%emt 00:06:13]} Qe3+ {[%emt 00:10:45]} 26. Kh1 {[%emt
00:00:13]} Qxd3 {[%emt 00:09:12]} 27. Rae1 {[%emt 00:01:29]} Kh8 {[%emt
00:04:33]} 28. Rf3 {[%emt 00:00:11]} Qc2 {[%emt 00:00:05]} 29. Rf2 {[%emt
00:00:04]} Qd3 {[%emt 00:00:04]} 30. Rd2 {[%emt 00:00:16]} 1-0

[Event "XXVIII Torneo Magistral Internacional de Elgoibar"]
[Site "Elgoibar"]
[Date "2018.12.12"]
[Round "1.5"]
[White "Oratovsky, Michael"]
[Black "Ambartsumova, Karina"]
[Result "1/2-1/2"]
[WhiteTitle "GM"]
[BlackTitle "WGM"]
[WhiteFideId "2802090"]
[BlackFideId "4166299"]
[WhiteElo "2464"]
[BlackElo "2383"]

1. e4 {[%emt 02:38:15]} e5 {[%emt 00:00:24]} 2. Bc4 {[%emt 00:00:09]} Nf6
{[%emt 00:01:00]} 3. d3 {[%emt 00:00:08]} c6 {[%emt 00:01:03]} 4. Nf3 {[%emt
00:00:11]} Be7 {[%emt 00:01:56]} 5. O-O {[%emt 00:05:32]} d6 {[%emt 00:01:45]}
6. c3 {[%emt 00:02:41]} O-O {[%emt 00:02:22]} 7. Bb3 {[%emt 00:06:07]} Bg4
{[%emt 00:08:07]} 8. Nbd2 {[%emt 00:03:37]} Nbd7 {[%emt 00:01:48]} 9. h3 {[%emt
00:10:15]} Bh5 {[%emt 00:01:46]} 10. Re1 {[%emt 00:07:19]} Nc5 {[%emt
00:06:46]} 11. Bc2 {[%emt 00:01:09]} Ne6 {[%emt 00:00:58]} 12. Nf1 {[%emt
00:00:17]} Nd7 {[%emt 00:07:21]} 13. Ng3 {[%emt 00:17:16]} Bxf3 {[%emt
00:02:49]} 14. Qxf3 {[%emt 00:00:05]} g6 {[%emt 00:01:25]} 15. Nf1 {[%emt
00:08:10]} Bg5 {[%emt 00:36:43]} 16. Ne3 Ng7 {[%emt 00:00:01]} 17. d4 {[%emt
00:04:38]} Kh8 {[%emt 00:07:31]} 18. Nc4 {[%emt 00:11:20]} Bxc1 {[%emt
00:00:39]} 19. Raxc1 {[%emt 00:00:13]} Qc7 {[%emt 00:03:40]} 20. Rcd1 {[%emt
00:02:37]} b5 {[%emt 00:02:48]} 21. Ne3 {[%emt 00:00:29]} f6 {[%emt 00:00:23]}
22. Qe2 {[%emt 00:04:48]} a6 {[%emt 00:02:50]} 23. Ng4 {[%emt 00:08:01]} Nb6
{[%emt 00:02:04]} 24. Bb3 {[%emt 00:01:11]} c5 {[%emt 00:01:49]} 25. dxc5
{[%emt 00:03:16]} dxc5 {[%emt 00:00:34]} 26. Bd5 {[%emt 00:00:21]} Rad8 {[%emt
00:00:23]} 27. c4 {[%emt 00:00:31]} Nxd5 {[%emt 00:02:53]} 28. exd5 {[%emt
00:00:39]} Nf5 {[%emt 00:00:32]} 29. b3 {[%emt 00:01:54]} Nd4 {[%emt 00:01:23]}
30. Qd2 {[%emt 00:00:18]} b4 {[%emt 00:00:49]} 31. Re3 {[%emt 00:01:43]} a5
{[%emt 00:00:35]} 32. Rde1 {[%emt 00:00:18]} Rd7 {[%emt 00:00:39]} 33. Nh2
{[%emt 00:00:36]} Kg7 {[%emt 00:00:30]} 34. Nf3 {[%emt 00:00:22]} Nf5 {[%emt
00:00:31]} 35. R3e2 {[%emt 00:00:14]} Nd6 {[%emt 00:00:26]} 36. Qb2 {[%emt
00:01:09]} a4 {[%emt 00:00:38]} 37. Nd2 {[%emt 00:00:30]} a3 {[%emt 00:00:34]}
38. Qa1 {[%emt 00:00:07]} Nf5 {[%emt 00:00:05]} 39. Nf3 {[%emt 00:00:15]} Nd6
{[%emt 00:00:42]} 40. Nd2 {[%emt 00:01:05]} Nf5 {[%emt 00:00:20]} 41. Nf3
{[%emt 00:00:14]} Nd6 {[%emt 00:00:02]} 1/2-1/2

[Event "XXVIII Torneo Magistral Internacional de Elgoibar"]
[Site "Elgoibar"]
[Date "2018.12.13"]
[Round "2.1"]
[White "Huerga Leache, Mikel"]
[Black "Ambartsumova, Karina"]
[Result "1-0"]
[WhiteTitle "IM"]
[BlackTitle "WGM"]
[WhiteFideId "2268795"]
[BlackFideId "4166299"]
[WhiteElo "2448"]
[BlackElo "2383"]

1. Nf3 {[%emt 00:13:16]} Nf6 {[%emt 00:00:59]} 2. g3 {[%emt 00:00:05]} g6
{[%emt 00:01:10]} 3. b3 {[%emt 00:00:06]} Bg7 {[%emt 00:00:29]} 4. Bb2 {[%emt
00:00:07]} O-O {[%emt 00:03:08]} 5. Bg2 {[%emt 00:00:23]} d6 {[%emt 00:06:08]}
6. d4 {[%emt 00:00:21]} a5 {[%emt 00:07:42]} 7. a4 {[%emt 00:02:42]} c6 {[%emt
00:02:10]} 8. O-O {[%emt 00:00:16]} Na6 {[%emt 00:06:45]} 9. Re1 {[%emt
00:02:28]} d5 {[%emt 00:01:08]} 10. Ne5 {[%emt 00:02:12]} Bf5 {[%emt 00:04:56]}
11. Na3 {[%emt 00:03:25]} Re8 {[%emt 00:09:30]} 12. Qd2 {[%emt 00:05:49]} Nd7
{[%emt 00:10:35]} 13. Nxd7 {[%emt 00:03:01]} Bxd7 {[%emt 00:00:15]} 14. c4
{[%emt 00:00:51]} Be6 {[%emt 00:02:58]} 15. e4 {[%emt 00:01:26]} Nc7 {[%emt
00:05:23]} 16. Rac1 {[%emt 00:04:55]} Qd7 {[%emt 00:02:44]} 17. e5 {[%emt
00:03:36]} Bh3 {[%emt 00:10:59]} 18. Bh1 {[%emt 00:02:37]} Ne6 {[%emt
00:00:20]} 19. cxd5 {[%emt 00:01:14]} cxd5 {[%emt 00:00:01]} 20. Nb5 {[%emt
00:00:15]} b6 {[%emt 00:02:12]} 21. Rc3 {[%emt 00:00:48]} Rac8 {[%emt
00:07:09]} 22. Rec1 {[%emt 00:00:59]} Rxc3 {[%emt 00:00:20]} 23. Nxc3 {[%emt
00:09:21]} Nc7 {[%emt 00:00:30]} 24. Nd1 {[%emt 00:05:14]} Na6 {[%emt
00:05:17]} 25. Ba3 {[%emt 00:03:25]} h5 {[%emt 00:01:14]} 26. Ne3 {[%emt
00:04:23]} Bh6 {[%emt 00:01:11]} 27. f4 {[%emt 00:00:05]} e6 {[%emt 00:01:43]}
28. Qc2 {[%emt 00:06:48]} g5 {[%emt 00:04:03]} 29. Qe2 {[%emt 00:02:08]} gxf4
{[%emt 00:01:05]} 30. Qxh5 Kh7 {[%emt 00:01:19]} 31. gxf4 {[%emt 00:04:17]} Bf5
{[%emt 00:00:51]} 32. Nxf5 {[%emt 00:10:04]} exf5 {[%emt 00:00:02]} 33. Bf3
{[%emt 00:00:18]} Qe6 {[%emt 00:01:20]} 34. Kf2 {[%emt 00:00:55]} Nb4 {[%emt
00:00:55]} 35. Bxb4 {[%emt 00:00:27]} axb4 {[%emt 00:00:01]} 36. Bg2 {[%emt
00:03:18]} Kg7 {[%emt 00:00:57]} 37. Rg1 {[%emt 00:00:58]} Kf8 {[%emt
00:00:36]} 38. Bxd5 {[%emt 00:00:16]} Qxd5 {[%emt 00:00:10]} 39. Qxh6+ {[%emt
00:00:05]} Ke7 {[%emt 00:00:02]} 40. Qxb6 {[%emt 00:01:18]} Rc8 {[%emt
00:00:08]} 41. Qf6+ {[%emt 00:01:09]} Kf8 {[%emt 00:00:52]} 42. Qd6+ {[%emt
00:07:30]} Qxd6 {[%emt 00:00:05]} 43. exd6 {[%emt 00:00:03]} Rc2+ {[%emt
00:00:09]} 44. Kg3 {[%emt 00:00:12]} Ke8 {[%emt 00:01:18]} 45. Re1+ {[%emt
00:01:45]} Kd7 {[%emt 00:00:01]} 46. Re7+ {[%emt 00:00:23]} Kxd6 {[%emt
00:00:01]} 47. Rxf7 {[%emt 00:00:06]} Kd5 {[%emt 00:00:27]} 48. Rxf5+ {[%emt
00:02:09]} Kxd4 {[%emt 00:00:01]} 49. Rb5 {[%emt 00:01:48]} Rc3+ {[%emt
00:00:43]} 50. Kg4 {[%emt 00:00:02]} Rxb3 {[%emt 00:00:05]} 51. f5 {[%emt
00:00:12]} Rb1 {[%emt 00:00:57]} 52. f6 {[%emt 00:00:19]} b3 {[%emt 00:00:23]}
53. f7 {[%emt 00:01:04]} Rg1 {[%emt 00:00:04]} 54. Kh3 {[%emt 00:01:44]} Rf1
{[%emt 00:00:19]} 55. Rxb3 {[%emt 00:00:04]} Rxf7 {[%emt 00:00:03]} 56. a5
{[%emt 00:00:24]} Rh7+ {[%emt 00:03:38]} 57. Kg2 Kc4 {[%emt 00:00:21]} 58. Ra3
{[%emt 00:00:15]} Kb5 {[%emt 00:00:40]} 59. a6 {[%emt 00:00:29]} Kb6 {[%emt
00:00:26]} 60. a7 {[%emt 00:00:33]} 1-0

[Event "XXVIII Torneo Magistral Internacional de Elgoibar"]
[Site "Elgoibar"]
[Date "2018.12.13"]
[Round "2.2"]
[White "Moreno Ruiz, Javier"]
[Black "Oratovsky, Michael"]
[Result "1/2-1/2"]
[WhiteTitle "IM"]
[BlackTitle "GM"]
[WhiteFideId "2203146"]
[BlackFideId "2802090"]
[WhiteElo "2450"]
[BlackElo "2464"]

1. d4 {[%emt 00:00:03]} d6 {[%emt 00:00:07]} 2. Nf3 {[%emt 00:00:20]} Nf6
{[%emt 00:00:09]} 3. c4 {[%emt 00:00:09]} g6 {[%emt 00:00:09]} 4. Nc3 {[%emt
00:00:12]} Bf5 {[%emt 00:00:07]} 5. d5 {[%emt 00:01:15]} Bg7 {[%emt 00:00:29]}
6. Nd4 {[%emt 00:00:23]} Bd7 {[%emt 00:00:05]} 7. e4 {[%emt 00:00:13]} O-O
{[%emt 00:00:20]} 8. Be2 {[%emt 00:00:13]} e6 {[%emt 00:00:36]} 9. dxe6 {[%emt
00:02:12]} fxe6 {[%emt 00:04:01]} 10. O-O {[%emt 00:00:14]} e5 {[%emt
00:11:27]} 11. Nf3 {[%emt 00:05:18]} b6 {[%emt 00:34:17]} 12. Bg5 {[%emt
00:07:46]} Nc6 {[%emt 00:02:44]} 13. Nd5 {[%emt 00:03:50]} a5 {[%emt 00:07:13]}
1/2-1/2

[Event "XXVIII Torneo Magistral Internacional de Elgoibar"]
[Site "Elgoibar"]
[Date "2018.12.13"]
[Round "2.3"]
[White "Velten, Paul"]
[Black "Strikovic, Aleksa"]
[Result "1/2-1/2"]
[WhiteTitle "GM"]
[BlackTitle "GM"]
[WhiteFideId "681091"]
[BlackFideId "900150"]
[WhiteElo "2485"]
[BlackElo "2488"]

1. d4 {[%emt 00:03:37]} d6 {[%emt 00:03:22]} 2. Nf3 {[%emt 00:00:42]} g6 {[%emt
00:00:08]} 3. c4 {[%emt 00:00:49]} Bg7 {[%emt 00:00:07]} 4. Nc3 {[%emt
00:01:07]} Nf6 {[%emt 00:00:08]} 5. e4 {[%emt 00:00:23]} O-O {[%emt 00:00:08]}
6. Be2 {[%emt 00:00:49]} e5 {[%emt 00:00:22]} 7. d5 {[%emt 00:07:12]} a5 {[%emt
00:00:16]} 8. Bg5 {[%emt 00:01:56]} h6 {[%emt 00:00:08]} 9. Bh4 {[%emt
00:03:26]} Na6 {[%emt 00:00:08]} 10. Nd2 {[%emt 00:00:39]} Qe8 {[%emt
00:00:25]} 11. O-O {[%emt 00:01:27]} Nh7 {[%emt 00:01:19]} 12. a3 {[%emt
00:04:37]} Bd7 {[%emt 00:00:20]} 13. b4 {[%emt 00:06:07]} axb4 {[%emt
00:12:08]} 14. axb4 {[%emt 00:00:21]} h5 {[%emt 00:08:58]} 15. h3 {[%emt
00:16:35]} Nxb4 {[%emt 00:03:59]} 16. Qb3 {[%emt 00:02:04]} Bh6 {[%emt
00:02:28]} 17. Nf3 {[%emt 00:00:41]} Na6 {[%emt 00:05:20]} 18. Qxb7 {[%emt
00:01:29]} Qb8 {[%emt 00:00:25]} 19. Rfb1 {[%emt 00:04:40]} Nc5 {[%emt
00:18:43]} 20. Rxa8 {[%emt 00:01:33]} Qxb7 {[%emt 00:00:13]} 21. Rxb7 {[%emt
00:02:16]} Nxb7 {[%emt 00:00:07]} 22. Ra7 {[%emt 00:00:44]} Rb8 {[%emt
00:00:02]} 23. Bd1 {[%emt 00:15:26]} Bc1 {[%emt 00:07:37]} 24. Ba4 {[%emt
00:04:13]} Bxa4 {[%emt 00:00:39]} 25. Nxa4 {[%emt 00:00:13]} g5 {[%emt
00:00:12]} 26. Bg3 {[%emt 00:00:08]} h4 {[%emt 00:07:05]} 27. Nxe5 {[%emt
00:04:46]} dxe5 {[%emt 00:06:36]} 28. Bxe5 {[%emt 00:00:21]} Nd6 {[%emt
00:01:28]} 29. Rxc7 {[%emt 00:00:49]} Nxe4 {[%emt 00:00:09]} 30. Kf1 {[%emt
00:05:00]} Re8 {[%emt 00:00:27]} 31. f4 {[%emt 00:02:58]} gxf4 {[%emt
00:02:28]} 32. d6 {[%emt 00:00:45]} Rxe5 {[%emt 00:08:08]} 33. d7 {[%emt
00:00:04]} Ng3+ {[%emt 00:00:06]} 34. Kf2 {[%emt 00:00:03]} Re2+ {[%emt
00:00:07]} 35. Kf3 {[%emt 00:00:05]} Re3+ {[%emt 00:11:36]} 36. Kf2 {[%emt
00:00:05]} Re2+ {[%emt 00:00:52]} 37. Kf3 {[%emt 00:00:04]} Ng5+ {[%emt
00:00:31]} 38. Kg4 {[%emt 00:00:05]} Ne6 {[%emt 00:00:04]} 39. Rc8+ {[%emt
00:00:06]} Kg7 {[%emt 00:00:08]} 40. Nc5 {[%emt 00:00:09]} Rd2 {[%emt
00:02:00]} 41. Nxe6+ {[%emt 00:00:10]} fxe6 {[%emt 00:00:01]} 42. d8=Q {[%emt
00:00:14]} Rxd8 {[%emt 00:00:02]} 43. Rxd8 {[%emt 00:00:08]} Be3 {[%emt
00:00:27]} 44. Kxh4 {[%emt 00:00:51]} Ne4 {[%emt 00:00:01]} 45. Kg4 {[%emt
00:02:46]} Nf6+ {[%emt 00:00:02]} 46. Kf3 {[%emt 00:00:08]} e5 {[%emt
00:00:15]} 47. Ke2 {[%emt 00:04:37]} e4 {[%emt 00:00:02]} 48. Ke1 {[%emt
00:02:38]} Kg6 {[%emt 00:01:18]} 49. Rb8 {[%emt 00:01:34]} Nd7 {[%emt
00:01:28]} 50. Re8 {[%emt 00:01:54]} Nf6 {[%emt 00:00:41]} 51. Rb8 {[%emt
00:00:10]} Nd7 {[%emt 00:00:54]} 52. Re8 {[%emt 00:00:05]} Kf5 {[%emt
00:00:35]} 53. Ke2 {[%emt 00:02:20]} Bc5 {[%emt 00:00:26]} 54. Rd8 {[%emt
00:01:06]} Ne5 {[%emt 00:00:26]} 55. Rc8 {[%emt 00:00:36]} f3+ {[%emt
00:00:36]} 56. gxf3 {[%emt 00:00:21]} exf3+ {[%emt 00:00:02]} 57. Kf1 {[%emt
00:00:10]} Nd3 {[%emt 00:00:41]} 58. h4 {[%emt 00:01:36]} Kg4 {[%emt 00:00:39]}
59. Rh8 {[%emt 00:01:04]} Nf4 {[%emt 00:00:38]} 60. Rh7 {[%emt 00:00:16]} Ne2
{[%emt 00:00:33]} 61. Rf7 {[%emt 00:00:11]} Ng3+ {[%emt 00:00:19]} 62. Ke1
{[%emt 00:00:05]} Nf5 {[%emt 00:00:06]} 63. h5 {[%emt 00:00:29]} f2+ {[%emt
00:00:22]} 64. Kf1 {[%emt 00:00:08]} Ng3+ {[%emt 00:01:02]} 65. Kg2 {[%emt
00:00:05]} Nxh5 {[%emt 00:00:08]} 66. Rxf2 {[%emt 00:00:04]} 1/2-1/2

[Event "XXVIII Torneo Magistral Internacional de Elgoibar"]
[Site "Elgoibar"]
[Date "2018.12.13"]
[Round "2.4"]
[White "Martinez Fernandez, Adrian"]
[Black "Starostits, Ilmars"]
[Result "0-1"]
[WhiteTitle "FM"]
[BlackTitle "GM"]
[WhiteFideId "32049048"]
[BlackFideId "11600748"]
[WhiteElo "2212"]
[BlackElo "2458"]

1. e4 {[%emt 12:37:16]} c5 {[%emt 00:02:37]} 2. Nf3 {[%emt 00:00:15]} Nc6
{[%emt 00:00:04]} 3. Nc3 {[%emt 00:03:43]} e5 {[%emt 00:02:47]} 4. Bb5 {[%emt
00:04:28]} d6 {[%emt 00:00:48]} 5. Bxc6+ {[%emt 00:00:07]} bxc6 {[%emt
00:00:05]} 6. O-O {[%emt 00:03:26]} Nf6 {[%emt 00:06:17]} 7. d3 {[%emt
00:05:40]} h6 {[%emt 00:00:23]} 8. Ne2 {[%emt 00:01:02]} g6 {[%emt 00:05:24]} 9.
Ng3 {[%emt 00:02:09]} Bg7 {[%emt 00:00:05]} 10. c3 {[%emt 00:00:15]} O-O {[%emt
00:00:52]} 11. d4 {[%emt 00:02:38]} cxd4 {[%emt 00:00:47]} 12. cxd4 {[%emt
00:00:07]} exd4 {[%emt 00:00:22]} 13. Nxd4 {[%emt 00:00:18]} Qb6 {[%emt
00:03:47]} 14. Nb3 {[%emt 00:10:01]} c5 {[%emt 00:02:56]} 15. Bd2 {[%emt
00:11:59]} Re8 {[%emt 00:05:11]} 16. Re1 {[%emt 00:02:18]} h5 {[%emt 00:02:18]}
17. f3 {[%emt 00:07:05]} h4 {[%emt 00:07:45]} 18. Nf1 {[%emt 00:00:31]} h3
{[%emt 00:00:04]} 19. g3 {[%emt 00:00:13]} Bb7 {[%emt 00:01:05]} 20. Ba5 {[%emt
00:07:09]} Qc6 {[%emt 00:03:49]} 21. Bc3 {[%emt 00:00:38]} Nxe4 {[%emt
00:02:01]} 22. fxe4 {[%emt 00:06:54]} Bxc3 {[%emt 00:04:51]} 23. bxc3 {[%emt
00:00:21]} Rxe4 {[%emt 00:00:02]} 24. Na5 {[%emt 00:01:26]} Rxe1 {[%emt
00:00:07]} 25. Nxc6 {[%emt 00:00:06]} Rxd1 {[%emt 00:00:04]} 26. Rxd1 {[%emt
00:00:44]} Bxc6 {[%emt 00:00:03]} 27. Rxd6 {[%emt 00:00:05]} Rc8 {[%emt
00:00:03]} 28. Kf2 {[%emt 00:09:52]} Kf8 {[%emt 00:00:14]} 29. g4 {[%emt
00:00:06]} Ke7 {[%emt 00:00:04]} 30. Rd2 {[%emt 00:00:05]} Rb8 {[%emt
00:01:50]} 31. Kg3 {[%emt 00:06:16]} Rb1 {[%emt 00:00:05]} 32. Re2+ {[%emt
00:00:18]} Kf6 {[%emt 00:01:26]} 33. Ne3 {[%emt 00:04:57]} Rg1+ {[%emt
00:01:16]} 34. Kh4 {[%emt 00:05:24]} Bd7 {[%emt 00:05:26]} 35. Rf2+ {[%emt
00:00:52]} Kg7 {[%emt 00:00:05]} 36. Kxh3 {[%emt 00:01:04]} Be6 {[%emt
00:00:10]} 37. Rc2 {[%emt 00:03:28]} Re1 {[%emt 00:00:47]} 38. Ng2 {[%emt
00:00:02]} Re4 {[%emt 00:00:06]} 39. Kg3 {[%emt 00:00:44]} Rxg4+ {[%emt
00:00:07]} 40. Kf3 {[%emt 00:00:03]} Ra4 {[%emt 00:00:10]} 41. Nf4 {[%emt
00:00:02]} Bxa2 {[%emt 00:00:55]} 42. Rg2 {[%emt 00:01:43]} Kf6 {[%emt
00:03:28]} 43. Ke3 {[%emt 00:00:19]} Be6 {[%emt 00:02:38]} 44. Nd3 {[%emt
00:00:24]} Rc4 {[%emt 00:01:08]} 45. Rf2+ {[%emt 00:00:36]} Ke7 {[%emt
00:04:31]} 46. Ra2 {[%emt 00:00:28]} Rxc3 {[%emt 00:00:11]} 47. Rxa7+ {[%emt
00:00:02]} Kd6 {[%emt 00:00:26]} 48. Kd2 {[%emt 00:00:01]} Rc4 {[%emt
00:01:08]} 49. Ke3 {[%emt 00:01:21]} Rc2 {[%emt 00:01:50]} 50. Ra6+ {[%emt
00:00:06]} Kc7 {[%emt 00:00:10]} 51. Ne5 {[%emt 00:00:17]} Kb7 {[%emt
00:02:10]} 52. Rd6 {[%emt 00:00:51]} Kc7 {[%emt 00:01:14]} 53. Ra6 {[%emt
00:00:55]} Rxh2 {[%emt 00:01:27]} 54. Nxf7 {[%emt 00:00:20]} Bxf7 {[%emt
00:00:24]} 55. Ra7+ {[%emt 00:00:02]} Kd6 {[%emt 00:00:06]} 56. Rxf7 {[%emt
00:00:02]} Kd5 {[%emt 00:00:49]} 57. Rf4 {[%emt 00:01:12]} Rg2 {[%emt
00:00:20]} 58. Kf3 {[%emt 00:00:58]} Rg5 {[%emt 00:00:05]} 59. Ke3 {[%emt
00:00:10]} Re5+ {[%emt 00:01:07]} 60. Kd3 {[%emt 00:00:28]} Rf5 {[%emt
00:00:03]} 61. Rg4 {[%emt 00:00:06]} g5 {[%emt 00:00:04]} 62. Ke3 {[%emt
00:01:02]} Re5+ {[%emt 00:00:22]} 63. Kd3 {[%emt 00:00:02]} Ke6 {[%emt
00:00:11]} 64. Ra4 {[%emt 00:01:15]} Kf5 {[%emt 00:00:05]} 65. Ra8 {[%emt
00:00:30]} Kf4 {[%emt 00:00:20]} 66. Rf8+ {[%emt 00:00:34]} Kg3 {[%emt
00:00:04]} 67. Rg8 {[%emt 00:00:26]} g4 {[%emt 00:00:05]} 68. Kd4 {[%emt
00:00:22]} 0-1